| 000 | 00502cam a2200205ua 4500 | ||
|---|---|---|---|
| 001 | 6280 | ||
| 008 | 131127n ii |||gr||||Z||||||eng | ||
| 040 | _cMAIN | ||
| 082 | _a657 | ||
| 245 |
_aCorporate accounting _cBy K.R. Das |
||
| 250 | _a1st ed. | ||
| 260 |
_aGuwahati: _bManab publications, _c2012. |
||
| 300 | _aIV.61p. | ||
| 653 | _aCommerce | ||
| 653 | _aCorporate accounting | ||
| 700 |
_aDas,K.R., _eAuthor., |
||
| 700 | 1 |
_aSinha,K.M., _eAuthor. |
|
| 700 | 1 |
_aKuri,S., _eAuthor. |
|
| 942 | _cBK | ||
| 999 |
_c5432 _d5432 |
||